Environmental Modeling & Assessment

Gespeichert in:
Bibliographische Detailangaben
Format: Schriftenreihe
Sprache:Englisch
Veröffentlicht: Dordrecht Springer
Tags: Tag hinzufügen
Keine Tags, Fügen Sie das erste Tag hinzu!

MARC

LEADER 00000nas1a2200000 4500
001 0269924
005 20250701092112.8
022 |a 1573-2967 
022 |a 1420-2026 
041 0 |a eng 
044 |a NL 
245 1 0 |a Environmental Modeling & Assessment 
264 1 |a Dordrecht  |b Springer